000 00729nam a2200217Ia 4500
003 OSt
005 20260608142017.0
008 210210b1998 xxu||||| |||| 00| 0 eng d
040 _cAL
041 _aKannada
082 _aK894.9 KARN
100 _aKARNATAKA SAHITYA AKADEMI.
_dಕರ್ನಾಟಕ ಸಾಹಿತ್ಯ ಅಕಾಡೆಮಿ
_9234866
245 _aNemichkeandra, muttina hara mali
_bನೇಮಿಚಂದ್ರ, ಮುತ್ತಿನ ಹಾರ ಮಾಲೆ
260 _aBengaluru.
_bKarnataka Sahitya Akademi.,
_c1998
300 _a96
650 _aMuttina hara Vijaya
_9234867
690 _aKannada Criticism
_9234868
700 _aVijaya
_dವಿಜಯ
_9234869
906 _a057832
942 _2ddc
_cBK
999 _c105171
_d105171